[Event "Euro Online U2300 Day 1"]
[Site "chess.com INT"]
[Date "2020.05.25"]
[Round "6"]
[White "Vardanyan, Aras"]
[Black "Toczek, Grzegorz"]
[Result "1-0"]
[BlackTitle "FM"]
[WhiteElo "2178"]
[BlackElo "2271"]
[WhiteFideId "12808792"]
[BlackFideId "1106457"]
[EventDate "2020.05.25"]

1. d4 f5 2. Nf3 Nf6 3. g3 g6 4. Bg2 Bg7 5. O-O O-O 6. c4 d6 7. Nc3 Qe8 8. d5 c5
9. Re1 Na6 10. e4 fxe4 11. Nxe4 Nxe4 12. Rxe4 Bf5 13. Re1 Qd7 14. Bg5 Rae8 15.
Qd2 Nc7 16. Rad1 Bg4 17. Qe3 e5 18. Nd2 Bxd1 19. Rxd1 Qg4 20. f3 Qd4 21. Qxd4
cxd4 22. Ne4 h6 23. Bd2 Rd8 24. Bb4 Ne8 25. Kf2 b6 26. a4 Rf7 27. Bh3 Kh7 28.
Be6 Rc7 29. b3 Bf8 30. f4 Be7 31. Kf3 Ng7 32. Bh3 Nf5 33. Re1 Kg7 34. Nf2 Ne3
35. Re2 a6 36. Ke4 Bf6 37. Be6 Nxc4 38. Rc2 b5 39. Ba5 Nxa5 40. Rxc7+ Kh8 41. b4
Nc4 42. a5 Nd2+ 43. Kd3 Nf3 44. Ng4 Bg7 45. fxe5 dxe5 46. h4 h5 47. Nf2 e4+ 48.
Nxe4 Ne5+ 49. Kxd4 Nc6+ 50. Kc5 Nd4 51. Bh3 Bf8+ 52. d6 Nb3+ 53. Kd5 Bg7 54. d7
Kh7 55. Rc8 Rxd7+ 56. Bxd7 Nc1 57. Ng5+ Kh6 58. Rxc1 Bf8 59. Rc7 Bxb4 60. Be6
Be7 61. Rxe7 b4 62. Rh7# 1-0

[Event "Euro Online U2300 Day 1"]
[Site "chess.com INT"]
[Date "2020.05.25"]
[Round "6"]
[White "Paprocki, Jaroslaw"]
[Black "Ibrahimli, Murad"]
[Result "1-0"]
[BlackTitle "IM"]
[WhiteElo "2248"]
[BlackElo "2436"]
[WhiteFideId "1122274"]
[BlackFideId "13410229"]
[EventDate "2020.05.25"]

1. e4 e5 2. Nf3 Nc6 3. Bb5 a6 4. Ba4 Nf6 5. O-O Be7 6. Re1 b5 7. Bb3 d6 8. c3
O-O 9. d4 Bg4 10. d5 Na5 11. Bc2 Qc8 12. Nbd2 c6 13. dxc6 Qxc6 14. h3 Bd7 15.
Qe2 h6 16. Nf1 Be6 17. Ng3 Rac8 18. Bd2 Rfe8 19. b3 Nb7 20. b4 a5 21. Bd3 Bc4
22. Nf5 Bf8 23. a3 a4 24. Rad1 Kh7 25. Ne3 Bxd3 26. Qxd3 g6 27. Rc1 Nxe4 28. c4
Nxd2 29. Nxd2 bxc4 30. Rxc4 Qd7 31. Nd5 Qe6 32. Nc7 Qd7 33. Nxe8 Rxe8 34. Ne4
Bg7 35. Nc3 f5 36. Qd5 e4 37. Nb5 Re5 38. Rc7 Rxd5 39. Rxd7 Rxb5 40. Rc1 Nc5 41.
bxc5 dxc5 42. Rc7 h5 43. R1xc5 Rb1+ 44. Rc1 Rb3 45. Ra7 Kh6 46. Rxa4 h4 47. Ra5
Bd4 48. Rd5 Rd3 49. Kf1 Kg5 50. Ke2 Rxa3 51. Rxd4 Ra2+ 52. Rd2 Ra6 53. Rcd1 Ra3
54. Rd6 Ra2+ 55. R1d2 Ra1 56. Rc6 Rb1 57. Rdd6 Rb2+ 58. Ke3 Rb3+ 59. Kd4 Kf4 60.
Rxg6 Rd3+ 61. Kc4 Rd2 62. Rh6 Rxf2 63. Rxh4+ Kg3 64. Rh5 Kxg2 65. Rg6+ Kf1 66.
Kd4 Ke2 67. Ke5 e3 68. Rxf5 Rh2 69. Rg3 Kd2 70. Ke4 e2 71. Rd5+ Ke1 72. Ke3 Kf1
73. Rf5+ 1-0

[Event "Euro Online U2300 Day 1"]
[Site "chess.com INT"]
[Date "2020.05.25"]
[Round "6"]
[White "Deuer, Marius"]
[Black "Gasimov, Parviz"]
[Result "0-1"]
[BlackTitle "FM"]
[WhiteElo "2122"]
[BlackElo "2337"]
[WhiteFideId "16236432"]
[BlackFideId "13408798"]
[EventDate "2020.05.25"]

1. d4 Nf6 2. c4 g6 3. Nc3 d5 4. cxd5 Nxd5 5. e4 Nxc3 6. bxc3 Bg7 7. Be3 c5 8.
Rc1 Qa5 9. Qd2 O-O 10. Nf3 Rd8 11. d5 e6 12. Bg5 f6 13. Be3 f5 14. Bc4 Nc6 15.
exf5 b5 16. fxg6 bxc4 17. gxh7+ Kh8 18. d6 Bd7 19. Bh6 Bxh6 20. Qxh6 Rf8 21. Nh4
Ne5 22. O-O Qd8 23. f4 Rf6 24. Qh5 Nd3 25. Rf3 Nxc1 26. Rg3 Qf8 27. Qe5 Kxh7 28.
Nf3 Rf5 29. Ng5+ Rxg5 30. Qxg5 Ne2+ 31. Kf2 Nxg3 32. hxg3 Qg7 33. Qh4+ Kg8 34.
Qh5 Bc6 35. Qh4 Qxc3 36. Qe7 Qd4+ 37. Kf1 Qd1+ 38. Kf2 Qd2+ 39. Kf1 Qxg2+ 40.
Ke1 Qe4+ 41. Kd2 Qd4+ 42. Ke2 Re8 43. Qg5+ Qg7 44. Qh5 Rd8 45. Qxc5 Bd5 46. Kf2
Qd7 47. Qd4 Qxd6 48. Qf6 Qf8 49. Qg5+ Kf7 50. Qh5+ Ke7 51. Qh4+ Qf6 52. Qh7+ Kd6
53. Qc2 Qd4+ 0-1

[Event "Euro Online U2300 Day 1"]
[Site "chess.com INT"]
[Date "2020.05.25"]
[Round "6"]
[White "Putrenko, Kirill"]
[Black "Tomaszewski, Roman"]
[Result "1/2-1/2"]
[BlackTitle "IM"]
[WhiteElo "2114"]
[BlackElo "2206"]
[WhiteFideId "44148402"]
[BlackFideId "1100637"]
[EventDate "2020.05.25"]

1. d4 d5 2. c4 c6 3. Nc3 Nf6 4. Nf3 dxc4 5. a4 a5 6. e3 Bg4 7. Bxc4 e6 8. h3 Bh5
9. O-O Nbd7 10. Qe2 Bb4 11. Rd1 Qe7 12. e4 Bxf3 13. Qxf3 e5 14. d5 O-O 15. dxc6
bxc6 16. Ne2 Nb6 17. Bb3 c5 18. Bg5 c4 19. Bc2 h6 20. Bxf6 Qxf6 21. Qxf6 gxf6
22. Ng3 Rfd8 23. Nf5 Kh7 24. Kf1 Kg6 25. Ke2 Rac8 26. Rxd8 Rxd8 27. Rd1 Rxd1 28.
Bxd1 Nd7 29. Ne3 Nc5 30. Nxc4 Ne6 31. g3 Nd4+ 32. Kd3 Ne6 33. f3 Be1 34. Ke2 Bb4
35. Ne3 Nd4+ 36. Kd3 f5 37. Nd5 Be1 38. g4 fxe4+ 39. Kxe4 f6 40. f4 Bg3 41. fxe5
Bxe5 42. Ne7+ Kf7 43. Nf5 Nxf5 44. Kxf5 Bxb2 45. Bb3+ Kg7 46. Bc4 Bc3 47. Bb5
Bb2 48. Bc6 Bc3 49. Bd5 Bb2 50. h4 Bc3 51. h5 Bb2 52. Be4 Bc3 53. Ke6 Bd2 54.
Bf5 Be1 55. Ke7 Bd2 56. Kd6 Be1 57. Kc6 Bd2 58. Kb5 Be1 59. Kc5 Bb4+ 60. Kd5 Be1
61. Kc4 Bb4 62. Kd5 Bc3 63. Kc4 Bb4 64. Kd4 Bd2 65. Kd5 Bb4 66. Kc6 Bc3 67. Kd5
Bd2 68. Kc6 Be1 69. Kd5 Bd2 70. Kc6 Be1 71. Kd5 Bd2 1/2-1/2

[Event "Euro Online U2300 Day 1"]
[Site "chess.com INT"]
[Date "2020.05.25"]
[Round "6"]
[White "Tarasova, Viktoriya"]
[Black "Cech, Dominik"]
[Result "1/2-1/2"]
[WhiteTitle "WIM"]
[WhiteElo "2226"]
[BlackElo "2137"]
[WhiteFideId "4175840"]
[BlackFideId "14908212"]
[EventDate "2020.05.25"]

1. d4 Nf6 2. c4 g6 3. Nc3 Bg7 4. e4 d6 5. h3 O-O 6. Be3 e5 7. d5 Na6 8. g4 Nc5
9. Qc2 a5 10. Be2 c6 11. g5 Nh5 12. Bxh5 gxh5 13. O-O-O f5 14. dxc6 Nxe4 15.
Nxe4 fxe4 16. cxb7 Bxb7 17. Ne2 Rc8 18. Kb1 Ba6 19. b3 d5 20. Nc3 d4 21. Nxe4 a4
22. Bc1 axb3 23. axb3 Qb6 24. Bb2 Rf3 25. Rd3 Rxd3 26. Qxd3 Bb7 27. Re1 Bxe4 28.
Rxe4 Rb8 29. Kc2 Rf8 30. Re2 Qb7 31. c5 Qd5 32. Qc4 Qxc4+ 33. bxc4 Rf3 34. Kd1
Rxh3 35. c6 Rf3 36. c7 Rf8 37. Ba3 Rc8 38. Bd6 Kf7 39. f4 h4 40. fxe5 Ke6 41.
Rh2 Bxe5 42. Bxe5 Kxe5 43. Rxh4 Rxc7 44. Kd2 Kf5 45. Rxd4 Kxg5 46. Kd3 h5 47.
Rd5+ Kg4 48. Rd8 h4 49. Rg8+ Kf3 50. Rf8+ Kg3 51. Rg8+ Kf2 52. Rf8+ Kg2 53. Rg8+
Kf3 54. Rf8+ Kg4 55. Rg8+ Kf4 56. Rh8 Kg3 57. Rg8+ Kh2 58. Kd4 h3 59. Rh8 Kg2
60. Kd5 h2 61. c5 h1=Q 62. Rxh1 Kxh1 63. Kd6 Rh7 64. c6 Kg2 65. c7 Rxc7 66. Kxc7 1/2-1/2

[Event "Euro Online U2300 Day 1"]
[Site "chess.com INT"]
[Date "2020.05.25"]
[Round "6"]
[White "Pavlidou, Ekaterini"]
[Black "Kollar, Romain"]
[Result "1-0"]
[WhiteTitle "WIM"]
[WhiteElo "2170"]
[BlackElo "2205"]
[WhiteFideId "4213262"]
[BlackFideId "36017981"]
[EventDate "2020.05.25"]

1. d4 Nf6 2. c4 c5 3. d5 e6 4. Nc3 exd5 5. cxd5 d6 6. e4 g6 7. h3 Bg7 8. Nf3 O-O
9. Bd3 b5 10. a3 a6 11. O-O Nbd7 12. Bf4 Qe7 13. Re1 Bb7 14. Rc1 h6 15. Qd2 Kh7
16. Bb1 Nh5 17. Bh2 Ne5 18. Nxe5 Bxe5 19. f4 Bd4+ 20. Kh1 Qh4 21. Ne2 Bg7 22.
Qd3 Bxb2 23. Rcd1 Bg7 24. g4 Nf6 25. Qf3 Nd7 26. Kg2 Rae8 27. Ng3 Qf6 28. Re2 a5
29. Bg1 b4 30. a4 Ba6 31. Red2 Qc3 32. Be3 Nb6 33. Ne2 Qf6 34. e5 Qe7 35. e6 Nc4
36. f5 Nxd2 37. Rxd2 fxe6 38. dxe6 Bb7 39. Be4 Bxe4 40. Qxe4 gxf5 41. gxf5 Qf6
42. Ng3 b3 43. Bf4 Kh8 44. Bxd6 Qc3 45. Rf2 Qd4 46. Bxf8 Qxe4+ 47. Nxe4 Bxf8 48.
Rb2 c4 49. Kf3 Ba3 50. Rb1 c3 51. Nxc3 Kg7 52. Rxb3 Kf6 53. Ke4 Bb4 54. Nd5+ Kg7
55. Nxb4 axb4 56. Rxb4 Kf6 57. Rb7 Ra8 58. Rf7+ Kg5 59. e7 h5 60. Rf8 Rxa4+ 61.
Ke5 Ra5+ 62. Ke6 Ra6+ 63. Kf7 Rf6+ 64. Kg8 Rg6+ 65. fxg6 h4 66. e8=Q Kh6 67. g7
Kg5 68. Qe5+ Kh6 69. Rf6# 1-0

[Event "Euro Online U2300 Day 1"]
[Site "chess.com INT"]
[Date "2020.05.25"]
[Round "6"]
[White "Solakoglu, Ozgur"]
[Black "Sedykh, Mikhail"]
[Result "0-1"]
[WhiteTitle "FM"]
[WhiteElo "1967"]
[BlackElo "2119"]
[WhiteFideId "6300510"]
[BlackFideId "447498"]
[EventDate "2020.05.25"]

1. e4 e5 2. Nf3 Nf6 3. Nc3 Nc6 4. Bc4 Nxe4 5. Nxe4 d5 6. Bd3 dxe4 7. Bxe4 Bd7 8.
O-O Bd6 9. Re1 O-O 10. Bxc6 Bxc6 11. Nxe5 Qh4 12. Qg4 Qxg4 13. Nxg4 Rfe8 14. Ne3
f5 15. Rf1 f4 16. Nc4 Bc5 17. d3 f3 18. gxf3 Bxf3 19. Be3 Re6 20. Rfe1 Rg6+ 21.
Kf1 Re8 22. Nd2 Bg2+ 23. Ke2 Bd6 24. h4 Rg4 25. Rg1 Bh2 26. Rge1 Rxh4 27. Nf3
Bxf3+ 28. Kxf3 Bd6 29. c4 Rf8+ 30. Ke2 Re8 31. a3 Be5 32. Rab1 Bd4 33. Kd2 Bxe3+
34. fxe3 Rh2+ 35. Re2 Rxe2+ 36. Kxe2 g5 37. Rg1 h6 38. e4 Kg7 39. Ke3 Kg6 40. d4
h5 41. e5 h4 42. Ke4 h3 43. Rg3 Rh8 44. Rg1 Kh5 45. Kf3 Rf8+ 46. Kg3 g4 47. Re1
Rf3+ 48. Kh2 Kh4 49. e6 g3+ 50. Kh1 g2+ 51. Kh2 Rf1 52. Re4+ Kg5 53. Re5+ Kf4
54. Rg5 Kxg5 0-1

[Event "Euro Online U2300 Day 1"]
[Site "chess.com INT"]
[Date "2020.05.25"]
[Round "6"]
[White "Eynullayev, Atilla"]
[Black "Potpara, Nikola"]
[Result "1-0"]
[WhiteElo "2347"]
[BlackElo "2373"]
[WhiteFideId "13413570"]
[BlackFideId "910058"]
[EventDate "2020.05.25"]

1. e4 d6 2. d4 Nf6 3. Nc3 Nbd7 4. Nf3 e5 5. Bc4 Be7 6. O-O c6 7. Re1 Qc7 8. h3
h6 9. a4 a5 10. Bb3 Nf8 11. Nh4 g6 12. Be3 Ne6 13. Nf3 g5 14. d5 Nf4 15. Qd2 Rg8
16. Rad1 N6h5 17. Nxe5 dxe5 18. d6 Bxd6 19. Qxd6 Qxd6 20. Rxd6 Be6 21. Red1 Rg6
22. Bxe6 Rxe6 23. Rd7 Re7 24. R7d6 Re6 25. R6d2 Nf6 26. Bb6 Kf8 27. Rd8+ Re8 28.
Rxa8 Rxa8 29. Rd8+ Rxd8 30. Bxd8 Nd7 31. Bxa5 Ke7 32. Bb4+ Ke6 33. f3 h5 34. Nd1
Ne2+ 35. Kf2 Nd4 36. Ne3 h4 37. Bc3 Nc5 38. b3 Na6 39. b4 Ke7 40. Ke1 Kd6 41.
Kd2 Nc7 42. Bxd4 exd4 43. Nc4+ Ke6 44. Kd3 b5 45. axb5 Nxb5 46. Na5 Kd6 47. Nb3
Ke5 48. Nc5 Kf4 49. Nb3 Kg3 50. Nxd4 Nc7 51. Nxc6 Kxg2 52. c4 Kxh3 53. b5 Kg2
54. b6 Na6 55. c5 h3 56. Kc4 h2 57. Kb5 Nxc5 58. Kxc5 h1=Q 59. b7 Qc1+ 60. Kd6
Qd2+ 61. Kc7 Qf4+ 62. e5 Kxf3 63. b8=Q g4 64. Qb4 Kg2 65. Qxf4 1-0

[Event "Euro Online U2300 Day 1"]
[Site "chess.com INT"]
[Date "2020.05.25"]
[Round "6"]
[White "Sivan, Yaacov"]
[Black "Ohanyan, Emin"]
[Result "0-1"]
[WhiteTitle "IM"]
[BlackTitle "FM"]
[WhiteElo "2312"]
[BlackElo "2291"]
[WhiteFideId "2800730"]
[BlackFideId "13312022"]
[EventDate "2020.05.25"]

1. e4 e5 2. Nf3 Nc6 3. Bc4 Nf6 4. d3 d5 5. exd5 Nxd5 6. O-O Bc5 7. Bb5 Bg4 8. h3
Bxf3 9. Qxf3 O-O 10. Bxc6 bxc6 11. Nc3 f6 12. Ne4 Be7 13. c4 Nb4 14. Rd1 Nc2 15.
Rb1 Nd4 16. Qe3 f5 17. Nc3 Re8 18. Ne2 Bc5 19. Nxd4 Bxd4 20. Qf3 Qd7 21. b4 Rab8
22. Be3 g6 23. a3 Rb6 24. a4 Reb8 25. b5 cxb5 26. Rxb5 c6 27. Rxb6 Rxb6 28. Re1
Rb2 29. Kh1 Bxe3 30. Qxe3 Qd4 31. Qxe5 Qxf2 32. Qe8+ Kg7 33. Qe7+ Kh6 34. Qe3+
Qxe3 35. Rxe3 Ra2 36. Re6 Rd2 37. Rd6 c5 38. Rd5 Kg5 39. g3 h5 40. Rxc5 Rxd3 41.
Kg2 Rc3 42. Rc6 h4 43. gxh4+ Kxh4 44. Rxg6 Rxc4 45. Ra6 Rc7 46. Kf3 Kg5 47. Ke3
f4+ 48. Kf3 Rc3+ 49. Kg2 Rc2+ 50. Kf3 Rc3+ 51. Ke4 Re3+ 52. Kd4 Re7 53. Ra5+ Kh4
54. Rf5 Kg3 55. h4 f3 56. Kd3 f2 57. h5 Re1 58. Kc4 f1=Q+ 59. Rxf1 Rxf1 60. Kb5
Rf5+ 61. Kc6 Rxh5 62. Kb7 Ra5 0-1

[Event "Euro Online U2300 Day 1"]
[Site "chess.com INT"]
[Date "2020.05.25"]
[Round "6"]
[White "Ulyankin, Igor"]
[Black "Shapiro, David"]
[Result "1/2-1/2"]
[BlackTitle "FM"]
[WhiteElo "1936"]
[BlackElo "2392"]
[WhiteFideId "24109169"]
[BlackFideId "24133523"]
[EventDate "2020.05.25"]

1. c4 e6 2. Nf3 d5 3. d4 a6 4. e3 Nf6 5. Nbd2 c5 6. cxd5 Nxd5 7. a3 Nc6 8. dxc5
Bxc5 9. Be2 O-O 10. O-O Be7 11. h3 b5 12. Nb3 Bb7 13. Nbd4 Nxd4 14. Nxd4 Bf6 15.
Bf3 Qb6 16. Ne2 Rfd8 17. Qb3 Rac8 18. Rd1 a5 19. e4 a4 20. Qa2 Ne7 21. Be3 Qc7
22. Rac1 Rxd1+ 23. Rxd1 Ng6 24. Nd4 Nh4 25. b3 Nxf3+ 26. gxf3 Rd8 27. bxa4 bxa4
28. Kg2 Ba6 29. Rc1 Qd7 30. e5 Bh4 31. f4 Bb7+ 32. f3 h6 33. Qc4 Be7 34. Qc7
Bxa3 35. Qxd7 Rxd7 36. Ra1 Bc5 37. Rxa4 Kh7 38. Rc4 Bb6 39. Rb4 Bc5 40. Ra4 Bd5
41. Nxe6 Bxe6 42. Bxc5 Rd2+ 43. Kg3 Rd3 44. Ra7 Bd5 45. Ra3 Rxa3 46. Bxa3 Kg6
47. Bd6 Kf5 48. Bf8 Kg6 49. h4 h5 50. Kf2 Kf5 51. Ke3 g6 52. Be7 Bc6 53. Bg5 Bb7
54. Bf6 Bc6 55. Bg5 Bb7 56. Kd4 Bxf3 57. Ke3 Bc6 58. Kd4 Bd7 59. Ke3 Be6 60. Kd4
Bb3 61. Ke3 Be6 62. Kd4 Ba2 63. Ke3 Be6 1/2-1/2

[Event "Euro Online U2300 Day 1"]
[Site "chess.com INT"]
[Date "2020.05.25"]
[Round "6"]
[White "Nagy, Ladislav"]
[Black "Gevorgyan, Albert"]
[Result "0-1"]
[WhiteElo "2085"]
[BlackElo "2170"]
[WhiteFideId "374300"]
[BlackFideId "13309951"]
[EventDate "2020.05.25"]

1. e4 e6 2. d3 d5 3. Nd2 c5 4. g3 Nc6 5. Ngf3 g6 6. Bg2 Bg7 7. O-O Nf6 8. Re1
O-O 9. exd5 Nxd5 10. a4 b6 11. Nc4 Bb7 12. c3 h6 13. h4 Rc8 14. h5 g5 15. Nfe5
Nde7 16. Ng4 Nf5 17. Qe2 Qe7 18. Bd2 Rfd8 19. Rad1 Nd6 20. Nce5 Nxe5 21. Nxe5
Bxg2 22. Kxg2 Nf5 23. Bc1 Qd6 24. Nc4 Qc6+ 25. Qe4 Qxa4 26. f4 gxf4 27. Bxf4 b5
28. Ra1 Qc2+ 29. Re2 Qxd3 30. Ne5 Qxe4+ 31. Rxe4 Bxe5 32. Rxe5 Rd7 33. g4 Nd6
34. Bxh6 Nc4 35. Re2 Kh7 36. Bf4 Rg8 37. Kh3 Rd3+ 38. Kh4 a5 39. b3 Nb6 40. Rxa5
Nd5 41. Be5 Rd1 42. Rxb5 Rh1+ 43. Rh2 Rg1 44. Rf2 R1xg4+ 45. Kh3 R4g5 46. Rxf7+
Kh6 47. Bf4 Nxf4+ 48. Rxf4 Rg3+ 49. Kh2 Rg2+ 50. Kh1 R2g5 51. Rh4 Rd8 52. Rb6
Rd1+ 53. Kh2 Rd2+ 54. Kh3 Rd3+ 55. Kh2 Re5 56. Rf4 Re2+ 57. Kg1 Rd1+ 58. Rf1
Rdd2 59. Ra1 Kxh5 60. b4 Kg4 61. Rb8 Rg2+ 62. Kf1 Kf4 63. Rf8+ Ke3 64. Re1+ Kd3
65. Rf3+ Kc4 66. Rxe6 Rh2 67. Kg1 cxb4 68. cxb4 Rh4 69. Rf2 Rd1+ 70. Rf1 Rg4+
71. Kf2 Rf4+ 72. Ke2 Rdxf1 73. Ke3 Re1+ 74. Kxf4 Rxe6 75. Kf5 Rb6 76. Ke5 Rxb4 0-1

[Event "Euro Online U2300 Day 1"]
[Site "chess.com INT"]
[Date "2020.05.25"]
[Round "6"]
[White "Budisavljevic, Luka"]
[Black "Acs, Gabor"]
[Result "1-0"]
[WhiteTitle "FM"]
[WhiteElo "2444"]
[BlackElo "1977"]
[WhiteFideId "960047"]
[BlackFideId "719536"]
[EventDate "2020.05.25"]

1. d4 d5 2. Bf4 Nf6 3. e3 c5 4. c3 Nc6 5. Nd2 Bf5 6. Ngf3 e6 7. Nh4 Be4 8. Qb3
Qd7 9. Nhf3 c4 10. Qd1 Bg6 11. b3 Ba3 12. Nh4 Bb2 13. Nxg6 hxg6 14. bxc4 Bxa1
15. Qxa1 O-O 16. Be2 Nh5 17. Bg5 dxc4 18. Nxc4 f6 19. Bh4 g5 20. Bg3 Nxg3 21.
hxg3 Kf7 22. Qb1 Rh8 23. Rxh8 Rxh8 24. Qxb7 Qxb7 25. Nd6+ Ke7 26. Nxb7 Rb8 27.
Ba6 Nd8 28. Nxd8 Kxd8 29. Bc4 Rb2 30. Bxe6 Rc2 31. Bb3 Rxc3 32. Kd2 Rc8 33. g4
Ke7 34. g3 Kd6 35. e4 Rh8 36. f4 Rh3 37. e5+ fxe5 38. fxe5+ Kd7 39. d5 Rxg3 40.
Ba4+ Kd8 41. Bd1 Rg2+ 42. Be2 Rg1 43. d6 Kd7 44. Bd3 Rg2+ 45. Ke3 Rb2 46. Bf5+
Kc6 47. Be6 Rb4 48. Bf5 Ra4 49. Be6 Ra3+ 50. Ke4 Ra4+ 51. Kf5 Ra5 52. Bf7 g6+
53. Kf6 Ra4 54. Kxg5 Re4 55. Kf6 Rxg4 56. Be8+ Kb7 57. d7 Rd4 58. e6 Kc7 59.
Bxg6 a5 60. Bf5 Rf4 61. Ke5 Rf1 62. Kf6 Re1 63. Ke7 Re2 64. d8=Q+ 1-0

[Event "Euro Online U2300 Day 1"]
[Site "chess.com INT"]
[Date "2020.05.25"]
[Round "6"]
[White "Van Hoolandt, Patrick"]
[Black "Doluhanova, Evgeniya"]
[Result "0-1"]
[WhiteTitle "FM"]
[BlackTitle "WGM"]
[WhiteElo "2063"]
[BlackElo "2229"]
[WhiteFideId "200999"]
[BlackFideId "14112035"]
[EventDate "2020.05.25"]

1. d4 Nf6 2. c4 e6 3. Nf3 b6 4. Nc3 Bb7 5. Bg5 Be7 6. e3 Ne4 7. Bxe7 Qxe7 8. Bd3
f5 9. Qc2 Nxc3 10. bxc3 O-O 11. e4 fxe4 12. Bxe4 Bxe4 13. Qxe4 Nc6 14. O-O Na5
15. d5 Rae8 16. Rfe1 Qf6 17. dxe6 Rxe6 18. Qd5 Qf7 19. Qd3 Rxe1+ 20. Rxe1 Nxc4
21. Re4 Nd6 22. Re2 Qf5 23. Qd1 h6 24. h3 Re8 25. Rd2 Qc5 26. Qb3+ Kh8 27. Rd5
Qc6 28. Ne5 Qa8 29. f4 a5 30. c4 a4 31. Qd3 b5 32. cxb5 Qa7+ 33. Kh1 Qf2 34. Qf3
Qxf3 35. gxf3 Rb8 36. Nxd7 Rxb5 37. Rxb5 Nxb5 38. Nc5 a3 39. Ne4 Kg8 40. Kg1 Kf7
41. f5 Nd4 42. Kf2 Nxf5 43. Nd2 Nd4 44. Nc4 Nb5 45. Ke3 Kf6 46. Ke4 Nc3+ 47. Kf4
Nxa2 48. Nxa3 c5 49. Ke4 Nb4 50. Nc4 Na6 51. Kd5 Kf5 52. Kc6 Kf4 53. Kb6 Nb4 54.
Kxc5 Nc2 55. Kd5 Kxf3 56. Ke5 g5 57. Kf5 Kg3 58. Kg6 Kxh3 59. Kxh6 g4 60. Ne5 g3
61. Nf3 g2 62. Kg5 Kg3 63. Ng1 Nd4 64. Kh5 Kh2 65. Kg4 Kxg1 66. Kg3 Kf1 67. Kf4
g1=Q 68. Ke4 Ke2 69. Kd5 Qg4 70. Kc4 Nf3+ 71. Kd5 Qf4 72. Ke6 Ke3 73. Kd5 Qe4+
74. Kd6 Qf5 75. Ke7 Qg6 76. Kd7 Qf6 77. Kc7 Qe6 78. Kb7 Qd6 79. Ka8 Qe7 80. Kb8
Kd4 81. Kc8 Kc5 82. Kb8 Kb6 83. Kc8 Qc7# 0-1

[Event "Euro Online U2300 Day 1"]
[Site "chess.com INT"]
[Date "2020.05.25"]
[Round "6"]
[White "Svane, Frederik"]
[Black "Buksa, Nataliya"]
[Result "1-0"]
[BlackTitle "IM"]
[WhiteElo "2421"]
[BlackElo "2410"]
[WhiteFideId "12923044"]
[BlackFideId "14123622"]
[EventDate "2020.05.25"]

1. e4 c5 2. Nf3 Nc6 3. Bb5 g6 4. O-O Bg7 5. d3 e5 6. a3 Nge7 7. b4 cxb4 8. axb4
O-O 9. c4 Nxb4 10. Ba3 Nbc6 11. Bd6 Re8 12. Nc3 b6 13. Nd5 Nxd5 14. exd5 Nd4 15.
Nxd4 exd4 16. Re1 Bb7 17. Rxe8+ Qxe8 18. Qa4 Qe2 19. Bxd7 Qxd3 20. Bc6 Bxc6 21.
Qxc6 Rd8 22. Be7 Rb8 23. Qc7 Ra8 24. Qb7 Re8 25. Qd7 Ra8 26. Qc6 Rb8 27. d6 Qe2
28. Qc7 Re8 29. d7 Qxe7 30. dxe8=Q+ Qxe8 31. Qxa7 d3 32. Qa8 Kf8 33. Qa3+ Kg8
34. Qa8 Kf8 35. Qxe8+ Kxe8 36. Rd1 Bd4 37. Rxd3 Bc5 38. Kf1 Ke7 39. f4 Ke6 40.
Ke2 h5 41. Kf3 f5 42. g3 Kf6 43. Rd8 Ke6 44. Rg8 Kf6 45. Rc8 Ke6 46. Rc6+ Kf7
47. h3 Bd4 48. Ke2 Bc5 49. Ke1 Bd4 50. Rd6 Bc5 51. Rd5 Ke6 52. h4 Bg1 53. Kd2
Bf2 54. Rd3 Bc5 55. Kc2 Kf6 56. Kb3 Ke6 57. Ka4 Kf6 58. Kb5 Ke6 59. Kc6 Bf2 60.
Rf3 Bd4 61. Rd3 Bf2 62. Kc7 Bc5 63. Rb3 Kf7 64. Rxb6 Bf2 65. Rb3 Ke6 66. Kc6 Bd4
67. c5 Bf2 68. Kb5 Kd7 69. Rd3+ Kc7 70. Kc4 Kc6 71. Rd6+ Kc7 72. Rxg6 Be3 73.
Kd5 Bf2 74. Ke6 Bxc5 75. Kxf5 Kd7 76. Kg5 Ke7 77. Kxh5 Kf7 78. f5 Be3 79. g4 Bg5
80. Kxg5 1-0

[Event "Euro Online U2300 Day 1"]
[Site "chess.com INT"]
[Date "2020.05.25"]
[Round "6"]
[White "Villa Izquierdo, Roberto"]
[Black "Burkhardt, Holger"]
[Result "0-1"]
[WhiteElo "1962"]
[BlackElo "1987"]
[WhiteFideId "2218216"]
[BlackFideId "4619145"]
[EventDate "2020.05.25"]

1. e4 d6 2. d3 Nf6 3. Nf3 e5 4. Bg5 Be7 5. Be2 h6 6. Bh4 c6 7. h3 g5 8. Bg3 Qb6
9. Qc1 Nh5 10. Nc3 Be6 11. a4 a5 12. Rb1 Nd7 13. Nxe5 Nxg3 14. Nxd7 Kxd7 15.
fxg3 h5 16. Qd2 Bf6 17. Rf1 Be5 18. g4 h4 19. Kd1 Qd4 20. Bf3 f6 21. Qf2 Qb4 22.
Ke2 Bd4 23. Qe1 Rhb8 24. g3 hxg3 25. Qxg3 Rh8 26. Bg2 Qc5 27. Qe1 Rh4 28. Nd1
Qxc2+ 29. Qd2 Qc5 30. Rc1 Qe5 31. Ne3 Qg3 32. Rf2 Rah8 33. Rh1 Bxg4+ 34. Bf3 Be6
35. Rg2 Qf4 36. Nf5 Bxf5 37. exf5 Qxd2+ 38. Kxd2 Rxh3 39. Rxh3 Rxh3 40. Bg4 Rh4
41. b3 d5 42. Bd1 Kd6 43. Re2 Kc5 44. Re7 Rh2+ 45. Be2 g4 46. Rg7 Rh4 47. Bxg4
Be5 48. Be2 Kd4 49. Rxb7 Bf4+ 50. Kc2 Rh2 51. Re7 Be3 52. Kd1 Rh1+ 53. Kc2 Rc1+
54. Kb2 Re1 55. Bh5 Rf1 56. Rc7 Rf2+ 57. Kb1 c5 58. Bg6 Kxd3 59. Rd7 Kc3 60. Rd6
d4 61. Rxf6 Rf1+ 62. Ka2 d3 63. Re6 Bd4 64. f6 Rxf6 65. Rxf6 Bxf6 66. Bxd3 Kxd3
67. Ka3 Kc3 68. Ka2 Bg5 69. Ka3 Bd2 70. Ka2 Kb4 71. Kb1 Bc3 72. Ka2 Bd4 73. Kb1
Kxb3 74. Kc1 c4 75. Kb1 c3 76. Kc1 c2 77. Kd2 Bb2 78. Kd3 c1=Q 0-1

[Event "Euro Online U2300 Day 1"]
[Site "chess.com INT"]
[Date "2020.05.25"]
[Round "6"]
[White "Labiano Hernandez, Juan"]
[Black "Muradli, Mahammad"]
[Result "1-0"]
[BlackTitle "IM"]
[WhiteElo "2158"]
[BlackElo "2449"]
[WhiteFideId "24556840"]
[BlackFideId "13409301"]
[EventDate "2020.05.25"]

1. e4 c5 2. Nf3 d6 3. d4 cxd4 4. Qxd4 a6 5. c4 Nc6 6. Qd1 Bg4 7. Be2 Bxf3 8.
Bxf3 g6 9. O-O Bg7 10. Nc3 Nf6 11. Re1 O-O 12. Be3 Nd7 13. Rc1 Qa5 14. Qd2 Rfc8
15. Be2 Qd8 16. f3 Rab8 17. Red1 Nc5 18. b3 Qf8 19. Nd5 e6 20. Nb6 Rd8 21. b4
Nd7 22. b5 Nce5 23. f4 Nxb6 24. Bxb6 Nd7 25. Bxd8 Rxd8 26. Qxd6 Qe8 27. e5 Bf8
28. Qc7 Ba3 29. Rc2 Bc5+ 30. Kh1 Be3 31. g3 Kg7 32. Rd3 Bb6 33. Qxb7 Nc5 34.
Qxb6 Nxd3 35. Qe3 Nb4 36. Rb2 Qe7 37. a3 axb5 38. axb4 bxc4 39. b5 Qc7 40. b6
Qc6+ 41. Bf3 Qa4 42. Qc3 Rd3 43. Qc2 Qd7 44. Qe2 c3 45. Rc2 Qd4 46. b7 Re3 47.
Qf2 Qd3 48. Kg2 Rxf3 49. Qe2 Qxe2+ 50. Rxe2 c2 51. Rxc2 Rb3 52. Rc7 h6 53. h3 h5
54. g4 Rb2+ 55. Kg3 Rb3+ 56. Kh4 hxg4 57. hxg4 Rb4 58. Kg5 Rb1 59. Kh4 Rb3 60.
f5 gxf5 61. gxf5 Kh6 62. Kg4 Rb4+ 63. Kf3 exf5 64. Rxf7 Kg5 65. e6 Kg6 66. Ke3
f4+ 67. Kf3 Rb3+ 68. Kxf4 Rb5 69. Ke4 Rb6 70. Ke5 Rb1 71. Kd6 Rd1+ 72. Ke7 Rb1
73. Kf8 1-0